000
00293nam a2200121Ia 4500
008
190216s9999||||xx |||||||||||||| ||und||
100
_a
Vinod A
245
0
_a
Financial Accounting
260
_b
Calicut University Central Co-Operative
_c
2006
300
_a
864
650
_a
Commerce
942
_c
BK
999
_c
8229
_d
8229